The show must go on (Record no. 113133)
[ view plain ]
| 000 -LEADER | |
|---|---|
| fixed length control field | 01387cam a22003135a 4500 |
| 001 - CONTROL NUMBER | |
| control field | L154757 |
| 008 - FIXED-LENGTH DATA ELEMENTS--GENERAL INFORMATION | |
| fixed length control field | 120117s2009 xxk 000 0 eng u |
| 022 ## - INTERNATIONAL STANDARD SERIAL NUMBER | |
| International Standard Serial Number | 0307-4870 |
| 035 ## - SYSTEM CONTROL NUMBER | |
| System control number | (Sirsi) u154757 |
| 041 ## - LANGUAGE CODE | |
| Language code of text/sound track or separate title | eng |
| 050 ## - LIBRARY OF CONGRESS CALL NUMBER | |
| Classification number | 711.1 $2 18 |
| 110 ## - MAIN ENTRY--CORPORATE NAME | |
| Corporate name or jurisdiction name as entry element | Journal of Planning and Environment Law |
| 9 (RLIN) | 2913 |
| 245 04 - TITLE STATEMENT | |
| Title | The show must go on |
| 260 ## - PUBLICATION, DISTRIBUTION, ETC. | |
| Place of publication, distribution, etc. | London |
| Name of publisher, distributor, etc. | Sweet & Maxwell |
| Date of publication, distribution, etc. | 2009 |
| 300 ## - PHYSICAL DESCRIPTION | |
| Extent | 93p. |
| Dimensions | 25cm. |
| 490 ## - SERIES STATEMENT | |
| Series statement | Journal of Planning and Environment Law Occasional Paper |
| 505 ## - FORMATTED CONTENTS NOTE | |
| Formatted contents note | Raynsford, Nick - Foreword |
| 505 ## - FORMATTED CONTENTS NOTE | |
| Formatted contents note | Quartermain, Steve - Regional spatial planning: don't stop me now |
| 505 ## - FORMATTED CONTENTS NOTE | |
| Formatted contents note | McCracken, Robert - Infrastructure Planning Commission: challenge or opportunity? |
| 505 ## - FORMATTED CONTENTS NOTE | |
| Formatted contents note | Grossman, Dr Andy - Mediation in planning: from talking the talk to walking the walk |
| 505 ## - FORMATTED CONTENTS NOTE | |
| Formatted contents note | Ellis, Morag - Legal update |
| 505 ## - FORMATTED CONTENTS NOTE | |
| Formatted contents note | Robinson, Patrick - Energy planning in 2009 |
| 505 ## - FORMATTED CONTENTS NOTE | |
| Formatted contents note | Pritchard, Bob - Making the right decision: current issues for local planning authorities |
| 520 ## - SUMMARY, ETC. | |
| Summary, etc. | Papers from a conference held at New College, Oxford, September 2009, organised by the General Council of the Bar, the Law Society, the Royal Town Planning Institute and the Royal Institution of Chartered Surveyors. |
| 651 #4 - SUBJECT ADDED ENTRY--GEOGRAPHIC NAME | |
| Geographic name | England and Wales |
| Chronological subdivision | 1543- |
| 690 ## - LOCAL SUBJECT ADDED ENTRY--TOPICAL TERM (OCLC, RLIN) | |
| Topical term or geographic name as entry element | Environment |
| 9 (RLIN) | 6238 |
| 690 ## - LOCAL SUBJECT ADDED ENTRY--TOPICAL TERM (OCLC, RLIN) | |
| Topical term or geographic name as entry element | Planning and development |
| 9 (RLIN) | 6259 |
| 942 ## - ADDED ENTRY ELEMENTS (KOHA) | |
| Suppress in OPAC | 0 |
| Withdrawn status | Lost status | Source of classification or shelving scheme | Damaged status | Not for loan | Home library | Current library | Shelving location | Date acquired | Total Checkouts | Full call number | Barcode | Date last seen | Copy number | Price effective from | Koha item type |
|---|---|---|---|---|---|---|---|---|---|---|---|---|---|---|---|
| Dewey Decimal Classification | London | London | Books | 17/01/2012 | 711.2 JOU | 30077122 | 06/08/2019 | 1 | 06/08/2019 | Book |